110 tình huống và xử lý trong quan hệ lao động /

Các tình huống về quan hệ lao động, chấm dứt quan hệ lao động và giải đáp; Văn bản pháp luật áp dụng trong quan hệ lao động.

সংরক্ষণ করুন:
গ্রন্থ-পঞ্জীর বিবরন
অন্যান্য লেখক: Bùi Sỹ Lợi (biên soạn.), Nguyễn Tiến Tùng (biên soạn.), Phạm Trọng Nghĩa (biên soạn.)
বিন্যাস: গ্রন্থ
ভাষা:Vietnamese
প্রকাশিত: Hà Nội : Lao động - xã hội, 2004.
বিষয়গুলি:
ট্যাগগুলো: ট্যাগ যুক্ত করুন
কোনো ট্যাগ নেই, প্রথমজন হিসাবে ট্যাগ করুন!
Thư viện lưu trữ: Mạng thư viện Đại học Đà Nẵng
LEADER 01546cam a2200385 a 4500
001 000043845
003 1930
005 20060505144943.0
008 010217b2004 vm 000 vie
020 |c 36000 
040 |a LRC  |c LRC  |d LRC 
041 0 |a vie 
082 1 4 |a 344.59701  |b Mô-T 
245 0 0 |a 110 tình huống và xử lý trong quan hệ lao động /  |c Biên soạn : Bùi Sỹ Lợi, Nguyễn Tiến Tùng, Phạm Trọng Nghĩa. 
246 3 |a Một trăm mười tình huống và xử lý trong quan hệ lao động. 
260 |a Hà Nội :  |b Lao động - xã hội,  |c 2004. 
300 |a 278 tr. ;  |c 20,5 cm. 
520 3 |a Các tình huống về quan hệ lao động, chấm dứt quan hệ lao động và giải đáp; Văn bản pháp luật áp dụng trong quan hệ lao động. 
630 0 4 |a Luật pháp. 
650 0 4 |a Luật lao động  |z Việt Nam. 
700 1 |a Bùi Sỹ Lợi,  |e biên soạn. 
700 1 |a Nguyễn Tiến Tùng,  |e biên soạn. 
700 1 |a Phạm Trọng Nghĩa,  |e biên soạn. 
OWN |a DUT 
AVA |a UDN50  |b DUT  |c Book  |d 344.59701 Mô-T  |e available  |t Error 5001 Not defined in file expand_doc_bib_avail.  |f 1  |g 0  |h N  |i 0  |j SH  |k 1 
999 |a From the UDN01 
AVA |a UDN50  |b DUT  |c Book  |d 344.59701 Mô-T  |e available  |t Error 5001 Not defined in file expand_doc_bib_avail.  |f 1  |g 0  |h N  |i 0  |j SH  |k 1 
TYP |a Monograph 
TYP |a Printed language 
980 |a Mạng thư viện Đại học Đà Nẵng